Analýza vplyvu medzinárodného daňového plánovania na daňové subjekty a tuzemské krajiny dizertačná práca
Saved in:
| Main Author: | |
|---|---|
| Corporate Author: | |
| Other Authors: | |
| Format: | Book |
| Language: | Slovak |
| Published: |
Bratislava
2011
|
| Subjects: | |
| Tags: |
No Tags, Be the first to tag this record!
|
MARC
| LEADER | 00000nam a2200000 4500 | ||
|---|---|---|---|
| 001 | 0135303 | ||
| 005 | 20240502072522.5 | ||
| 041 | 0 | |a slo | |
| 044 | |a SK | ||
| 245 | 1 | 0 | |a Analýza vplyvu medzinárodného daňového plánovania na daňové subjekty a tuzemské krajiny |b dizertačná práca |c Roman Mikuš ; školiteľ: Anna Harumová |
| 264 | 1 | |a Bratislava |c 2011 | |
| 300 | |a 163 s. | ||
| 610 | 2 | 0 | |a dane |
| 610 | 2 | 0 | |a plánovanie finančné |
| 610 | 2 | 0 | |a oceňovanie transferové |
| 610 | 2 | 0 | |a zvýhodnenie daňové |
| 610 | 2 | 0 | |a riziko |
| 100 | 1 | |a Mikuš, Roman | |
| 700 | 1 | |a Harumová, Anna, 1955- | |
| 710 | 2 | |a Fakulta podnikového manažmentu EU. Katedra podnikových financií | |